Państwa z największą liczbą czołgów - Statystyki

Ogólne statystyki
  • Ten quiz został rozwiązany 7 771 razy
    7 607 od ostatniego zresetowania
  • Średni wynik to 13 z 21
Statystyki odpowiedzi
# czołgów Państwo % Poprawnych
14 777 Rosja
100%
4 657 Stany Zjednoczone
99%
5 000 Chiny
96%
4 614 Indie
86%
1 777 Ukraina
82%
5 845 Korea Północna
81%
1 996 Iran
80%
2 501 Korea Południowa
79%
1 370 Izrael
73%
5 340 Egipt
70%
3 742 Pakistan
70%
2 231 Turcja
70%
1 485 Arabia Saudyjska
63%
2 720 Syria
54%
2 029 Wietnam
49%
1 632 Algieria
47%
1 564 Maroko
43%
1 010 Tajwan
32%
1 365 Grecja
29%
1 365 Jordania
29%
1 756 Erytrea
7%
Nie znaleziono quizów pasujących do podanych kryteriów
Rozkład punktacji
Procent ludzi z każdym wynikiem
Percentyl według liczby udzielonych odpowiedzi
Twoja historia wyników
Nie rozwiązałeś tego quizu od ostatniego zresetowania